Statistiken für Bundesliga Top 4

Klicken Sie hier um das Quiz zu spielen!

Allgemein

  • Dieses Quiz wurde 824 mal gespielt
    (395 seit der letzten Aktualisierung)
  • Das Durchschnittsergebnis liegt bei 20 aus 26

Antwortstatistiken

Verein% Korrekt
Borussia Dortmund
100%
FC Bayern München
100%
RasenBallSport Leipzig
98%
FC Schalke 04
96%
Bayer 04 Leverkusen
95%
Borussia M'gladbach
94%
SV Werder Bremen
94%
VfB Stuttgart
93%
VfL Wolfsburg
92%
1. FC Union Berlin
91%
Hamburger SV
90%
1. FC Köln
89%
Eintracht Frankfurt
87%
1. FC Kaiserslautern
84%
Hertha BSC Berlin
84%
SC Freiburg
82%
1. FC Nürnberg
77%
TSG 1899 Hoffenheim
75%
TSV 1860 München
68%
Hannover 96
67%
Fortuna Düsseldorf
57%
Eintracht Braunschweig
56%
MSV Duisburg
50%
Alemannia Aachen
45%
Bayer 05 Uerdingen
30%
Wuppertaler SV Borussia
22%

Verteilung der Resultate

Perzentil nach korrekt beantworteten Fragen

Anzahl Personen mit jedem Resultat

Ihre Resultats-Entwicklung

Sie haben dieses Quiz seit der letzten Aktualisierung nicht gespielt